000 01294cam a22002651i 4500
003 SA-RiAUC
005 20250428080131.0
008 250428s2019 su f 000 0 ara c
040 _aKW-KwMAI
_bara
_cSA-RiAUC
_erda
043 _aa-su---
082 0 4 _a001.409531
_qSA-RiAUC
090 _a001.409531
_b ا ب و س
100 1 _aأبو سليمان، عبد الوهاب إبراهيم محمد،
_d1355-1444 هجري
_eمؤلف.
245 1 0 _aإجازات علماء وعالمات الحرمين الشريفين لعلماء الأمصار :
_bدراسة توثيقية مصدرية تاريخية /
_cتأليف عبد الوهاب إبراهيم أبو سليمان، عباس صالح طاشكندي.
264 1 _aجدة، السعودية :
_bشركة الفرقان للتراث الاسلامي،
_c2019
300 _a112 صفحة ؛
_c24 سم
336 _aنص
_btxt
_2rdacontent
_3كتاب
337 _aبدون وسيط
_bn
_2rdamedia
338 _aمجلد
_bnc
_2rdacarrier
650 7 _aالإجازات العلمية
_zالسعودية
_2aucsh
650 7 _aالثقافة الإسلامية
_zالسعودية
_2aucsh
700 1 _aطاشكندي، عباس صالح،
_d1365 هجري-
_eمؤلف.
942 _2ddc
_cBOOK
_n0
949 _aSA-JeALM
_d250428
_umohamedma123
_n1
999 _c7437
_d7437